Bytový dom

Enregistré dans:
Détails bibliographiques
Auteur principal: Holubanská, Monika (Auteur)
Autres auteurs: Chamulová, Barbara (Directeur de thèse)
Format: Manuscrit Livre
Langue:slovaque
Publié: 2015
Sujets:
Accès en ligne:http://is.stuba.sk/zp/portal_zp.pl?podrobnosti=108534
https://opac.crzp.sk/?fn=detailBiblioForm&sid=FF44C990A7CA883E4D8D5D929FD7
Tags: Ajouter un tag
Pas de tags, Soyez le premier à ajouter un tag!

MARC

LEADER 00000ntm a22000003a 4500
001 stuzp52130
003 SK-STU
005 20230811114749.3
007 ta
008 150427s2015----xo-----f-mn---000-0-slo-d
040 |a STU  |b slo 
041 0 |a slo 
100 1 |a Holubanská, Monika  |u 010270  |4 aut  |U SvF Stavebná fakulta  |T SvF Katedra technológie stavieb  |X 7637  |U V270  |Y 28  |7 7637 
242 0 1 |a Apartment house  |y eng 
245 1 0 |a Bytový dom 
260 |c 2015 
650 4 |a spodná stavba  |2 slo 
650 4 |a hydroizolácia  |2 slo 
650 4 |a POV  |2 slo 
650 4 |a waterproof  |2 eng 
650 4 |a substracture  |2 eng 
650 4 |a project of construction organization  |2 eng 
700 1 |a Chamulová, Barbara  |4 ths  |X 42510  |7 A000042510 
856 4 |u http://is.stuba.sk/zp/portal_zp.pl?podrobnosti=108534 
856 4 |u https://opac.crzp.sk/?fn=detailBiblioForm&sid=FF44C990A7CA883E4D8D5D929FD7 
SQL |a stuzp52130  |b DBP  |c SLO  |d Bytový dom  |e 7637  |f Holubanská, Monika  |g 010270  |h 42510  |i Chamulová, Barbara  |j 20150623  |k 6  |l 01  |m http://is.stuba.sk/zp/portal_zp.pl?podrobnosti=108534  |n B-TMS  |o 5.2.8. stavebníctvo